The Glorious Rock-Cut Sculptures Of Unakoti : (Record no. 211214)
[ view plain ]
| 000 -LEADER | |
|---|---|
| fixed length control field | 00683nam a22001937a 4500 |
| 010 ## - LCCN (DPL NO) | |
| LC control number | ENG-144796 |
| 020 ## - INTERNATIONAL STANDARD BOOK NUMBER | |
| International Standard Book Number | 9789380357782 |
| Terms of availability | 300.00 |
| 035 ## - SYSTEM CONTROL NUMBER | |
| System control number | EN-128328 |
| 037 ## - SOURCE OF ACQUISITION | |
| Source of stock number/acquisition | DBAD |
| 082 ## - DEWEY DECIMAL CLASSIFICATION NUMBER | |
| Classification number | 708.95456 |
| Edition number | First |
| 100 ## - MAIN ENTRY--PERSONAL NAME | |
| Personal name | Bhattacharjee, Priyabrata |
| 245 ## - TITLE STATEMENT | |
| Title | The Glorious Rock-Cut Sculptures Of Unakoti : |
| Statement of responsibility, etc | Priyabrata Bhattacharjee |
| Remainder of title | Annexed Two Unpublsihed Reports Of 1913-1922 |
| 250 ## - EDITION STATEMENT | |
| Edition statement | First |
| 260 ## - PUBLICATION, DISTRIBUTION, ETC. (IMPRINT) | |
| Place of publication, distribution, etc | Tripura |
| Name of publisher, distributor, etc | Sumita Sengupta |
| Date of publication, distribution, etc | January,2016 |
| 270 ## - ADDRESS | |
| Address | Naba Chandana Praakashani, Ramnagar, Road No.2 (West), |
| City | P.O. ramnagar, Agartala, |
| Postal code | 799002 |
| 300 ## - PHYSICAL DESCRIPTION | |
| Extent | 64p. |
| Dimensions | 22cm.(HB) |
| 700 ## - ADDED ENTRY--PERSONAL NAME | |
| 9 (RLIN) | 81099 |
| 942 ## - ADDED ENTRY ELEMENTS (KOHA) | |
| Source of classification or shelving scheme | Dewey Decimal Classification |
| Item type | English Books |
| Classification part | 708.95456 |
| Call number suffix | Bha |
| Withdrawn status | Lost status | Not for loan | Collection code | Home library | Current library | Date acquired | Source of acquisition | Cost, normal purchase price | Full call number | Barcode | Copy number | Cost, replacement price | Koha item type |
|---|---|---|---|---|---|---|---|---|---|---|---|---|---|
| Not For Loan | Non-fiction | D.B.Act.Division | D.B.Act.Division | 08/05/2025 | DBAD | 300.00 | 708.95456 Bha | EN-128328 | 1 | 300.00 | English Books |
